[Event "Madrid-chT 2021"]
[Site "Madrid"]
[Date "2021.05.16"]
[Round "11.2"]
[White "Bolado Saez, Sergio"]
[Black "Rubio Mejia, Luis Ignacio"]
[Result "0-1"]
[WhiteElo "2335"]
[BlackElo "2390"]
[PlyCount "66"]
[EventDate "2021.01.24"]
[EventType "team-tourn"]
[EventRounds "14"]
[EventCountry "ESP"]
[SourceTitle "Ajedrez en Madrid"]
[Source "lmi"]
[SourceDate "2021.01.23"]
[SourceVersion "1"]
[SourceVersionDate "2021.06.08"]
[SourceQuality "1"]
[WhiteTeam "Capablanca"]
[BlackTeam "Virgen de Atocha"]
[WhiteTeamCountry "ESP"]
[BlackTeamCountry "ESP"]

1. d4 Nf6 2. Nf3 e6 3. c4 d5 4. e3 dxc4 5. Bxc4 a6 6. Bb3 c5 7. O-O Be7 8. Qe2
Nc6 9. Rd1 cxd4 10. exd4 O-O 11. Nc3 Na5 12. Bc2 b5 13. Ne5 Bb7 14. a3 Rc8 15.
Rd3 Nc6 16. Rh3 g6 17. Nxc6 Bxc6 18. Bh6 Re8 19. Rd1 a5 20. a4 b4 21. Nb5 Qd5
22. Rg3 Bxb5 23. axb5 Qh5 24. Qd2 Rxc2 25. Qxc2 Qxh6 26. Qc7 Qh5 27. Ra1 Qxb5
28. Rxa5 Qb8 29. Qxb8 Rxb8 30. Ra7 Rc8 31. Kf1 Nd5 32. b3 Rc2 33. Ra1 Rd2 0-1

[Event "Madrid-chT 2021"]
[Site "Madrid"]
[Date "2021.05.16"]
[Round "11.3"]
[White "Vallejo Diaz, Jesus"]
[Black "Porras Fernandez, Alberto"]
[Result "1-0"]
[WhiteElo "2227"]
[BlackElo "1919"]
[PlyCount "75"]
[EventDate "2021.01.24"]
[EventType "team-tourn"]
[EventRounds "14"]
[EventCountry "ESP"]
[SourceTitle "Ajedrez en Madrid"]
[Source "lmi"]
[SourceDate "2021.01.23"]
[SourceVersion "1"]
[SourceVersionDate "2021.06.08"]
[SourceQuality "1"]
[WhiteTeam "Virgen de Atocha"]
[BlackTeam "Capablanca"]
[WhiteTeamCountry "ESP"]
[BlackTeamCountry "ESP"]

1. e4 c5 2. Nf3 Nc6 3. Bb5 Qc7 4. O-O Nf6 5. Re1 e6 6. c3 a6 7. Bf1 Be7 8. e5
Nd5 9. d4 b5 10. a4 bxa4 11. c4 Ndb4 12. d5 exd5 13. cxd5 Nxd5 14. Qxd5 O-O 15.
Bg5 Nb4 16. Qd1 d5 17. exd6 Bxd6 18. Nc3 h6 19. Bh4 Bf5 20. Nd5 Nxd5 21. Qxd5
Be6 22. Rxe6 fxe6 23. Qxe6+ Kh8 24. Rd1 Bf4 25. Rd7 Qb8 26. Be7 Qe8 27. Bd3 Qf7
28. Qe4 g6 29. Bxf8 Qxd7 30. Qxa8 Qxd3 31. Bd6+ Kh7 32. Qb7+ Kg8 33. Qc8+ Kf7
34. Qd7+ Kg8 35. Qe8+ Kh7 36. Qe7+ Kg8 37. Bxf4 Qb1+ 38. Ne1 1-0

[Event "Madrid-chT 2021"]
[Site "Madrid"]
[Date "2021.05.16"]
[Round "11.4"]
[White "Fernandez Rosado, Roberto"]
[Black "Vazquez Torres, Adrian"]
[Result "1/2-1/2"]
[WhiteElo "2029"]
[BlackElo "2179"]
[PlyCount "92"]
[EventDate "2021.01.24"]
[EventType "team-tourn"]
[EventRounds "14"]
[EventCountry "ESP"]
[SourceTitle "Ajedrez en Madrid"]
[Source "lmi"]
[SourceDate "2021.01.23"]
[SourceVersion "1"]
[SourceVersionDate "2021.06.08"]
[SourceQuality "1"]
[WhiteTeam "Capablanca"]
[BlackTeam "Virgen de Atocha"]
[WhiteTeamCountry "ESP"]
[BlackTeamCountry "ESP"]

1. e4 c5 2. Nf3 e6 3. d4 cxd4 4. Nxd4 a6 5. Bd3 Nc6 6. Be3 Qc7 7. O-O Nf6 8.
Nc3 b5 9. a3 Bb7 10. Kh1 h5 11. f3 Nxd4 12. Bxd4 Bc5 13. Bxc5 Qxc5 14. Qe2 h4
15. Qf2 Rc8 16. Qxc5 Rxc5 17. Ne2 d5 18. b4 Rc7 19. e5 Nd7 20. f4 g5 21. fxg5
Nxe5 22. g6 Nxg6 23. Bxg6 fxg6 24. Rf6 e5 25. Rxg6 d4 26. Rg5 Re7 27. Re1 h3
28. Ng3 hxg2+ 29. Kg1 e4 30. Nf5 Rd7 31. Rd1 e3 32. Nxd4 Rf8 33. c3 Re7 34. Rf5
Be4 35. Rxf8+ Kxf8 36. Re1 Rf7 37. Ne6+ Ke7 38. Ng5 Rf4 39. Nxe4 Rxe4 40. Kxg2
Kd6 41. Kf3 Rh4 42. Kxe3 Rxh2 43. Rg1 Kd5 44. Kd3 Ra2 45. Rg5+ Kc6 46. Rg6+ Kb7
1/2-1/2

[Event "Madrid-chT 2021"]
[Site "Madrid"]
[Date "2021.05.16"]
[Round "11.6"]
[White "Garnacho Velasco, Eduardo"]
[Black "Rives Higueras, Alan"]
[Result "1-0"]
[WhiteElo "1881"]
[BlackElo "1802"]
[PlyCount "98"]
[EventDate "2021.01.24"]
[EventType "team-tourn"]
[EventRounds "14"]
[EventCountry "ESP"]
[SourceTitle "Ajedrez en Madrid"]
[Source "lmi"]
[SourceDate "2021.01.23"]
[SourceVersion "1"]
[SourceVersionDate "2021.06.08"]
[SourceQuality "1"]
[WhiteTeam "Capablanca"]
[BlackTeam "Virgen de Atocha"]
[WhiteTeamCountry "ESP"]
[BlackTeamCountry "ESP"]

1. e4 e5 2. Nf3 Nf6 3. Nxe5 d6 4. Nf3 Nxe4 5. Nc3 Nxc3 6. dxc3 Nc6 7. Bc4 Bg4
8. Be3 Qf6 9. Qd2 Bxf3 10. gxf3 Ne5 11. Bb5+ c6 12. Be2 Nxf3+ 13. Bxf3 Qxf3 14.
Rg1 Kd7 15. Qd4 c5 16. Qa4+ Kc7 17. Rd1 g6 18. Rd3 Qc6 19. Qc4 Qe8 20. Kd1 Qe6
21. Qf4 b6 22. Re1 Re8 23. Qa4 a5 24. Kc1 Qe4 25. Qb3 Qf3 26. Red1 Qf6 27. Qb5
Be7 28. Kb1 Qf5 29. Rd5 Qd7 30. Qd3 Qc6 31. Bf4 Rd8 32. Qg3 f5 33. Qf3 Rhe8 34.
c4 Bf8 35. h4 Re4 36. b3 a4 37. Qg3 Re2 38. Qf3 Re4 39. Qg3 Qd7 40. f3 Re6 41.
b4 cxb4 42. c5 bxc5 43. Rxc5+ Kb7 44. Qg2 Qe8 45. Bxd6 Bxd6 46. f4+ Re4 47.
Rcd5 Qc6 48. Qg5 Qb6 49. Qf6 Be7 1-0

[Event "Madrid-chT 2021"]
[Site "Madrid"]
[Date "2021.05.16"]
[Round "11.1"]
[White "Vazquez Igarza, Renier"]
[Black "Elissalt Cardenas, Hector"]
[Result "1-0"]
[WhiteElo "2560"]
[BlackElo "2281"]
[PlyCount "67"]
[EventDate "2021.01.24"]
[EventType "team-tourn"]
[EventRounds "14"]
[EventCountry "ESP"]
[SourceTitle "Ajedrez en Madrid"]
[Source "lmi"]
[SourceDate "2021.01.23"]
[SourceVersion "1"]
[SourceVersionDate "2021.06.08"]
[SourceQuality "1"]
[WhiteTeam "Collado Villalba"]
[BlackTeam "Tajamar"]
[WhiteTeamCountry "ESP"]
[BlackTeamCountry "ESP"]

1. d4 e6 2. c4 f5 3. g3 Nf6 4. Bg2 g6 5. Nc3 Bg7 6. Nf3 d6 7. O-O O-O 8. b3 Ne4
9. Bb2 Nd7 10. Nxe4 fxe4 11. Ne1 d5 12. f3 Nf6 13. Qc2 exf3 14. exf3 dxc4 15.
bxc4 b5 16. Nd3 bxc4 17. Qxc4 Nd5 18. Rfe1 Nb6 19. Qc2 Bxd4+ 20. Nf2 c5 21.
Rad1 Bb7 22. Bxd4 cxd4 23. Rxe6 Bxf3 24. Rxg6+ Kh8 25. Rh6 Qe7 26. Bxf3 Rxf3
27. Qe4 Qxe4 28. Nxe4 Re3 29. Rxd4 Re8 30. Ng5 Re1+ 31. Kg2 R1e2+ 32. Kh3 Rxa2
33. Rxh7+ Kg8 34. Rd6 1-0

[Event "Madrid-chT 2021"]
[Site "Madrid"]
[Date "2021.05.16"]
[Round "11.2"]
[White "Ingunza Curro, Andres"]
[Black "Pulvett Marin, Daniel Eduardo"]
[Result "1/2-1/2"]
[WhiteElo "2392"]
[BlackElo "2472"]
[PlyCount "30"]
[EventDate "2021.01.24"]
[EventType "team-tourn"]
[EventRounds "14"]
[EventCountry "ESP"]
[SourceTitle "Ajedrez en Madrid"]
[Source "lmi"]
[SourceDate "2021.01.23"]
[SourceVersion "1"]
[SourceVersionDate "2021.06.08"]
[SourceQuality "1"]
[WhiteTeam "Tajamar"]
[BlackTeam "Collado Villalba"]
[WhiteTeamCountry "ESP"]
[BlackTeamCountry "ESP"]

1. e4 e5 2. Nf3 Nc6 3. Bb5 Nf6 4. d3 Bc5 5. Nbd2 O-O 6. Bxc6 dxc6 7. Nc4 Nd7 8.
Qe2 f6 9. h4 Nb6 10. Ne3 Be6 11. h5 Na4 12. c3 Qd7 13. h6 g6 14. O-O Rad8 15.
Rd1 Rfe8 1/2-1/2

[Event "Madrid-chT 2021"]
[Site "Madrid"]
[Date "2021.05.16"]
[Round "11.3"]
[White "Martin Duque, Jesus"]
[Black "Mkrtchyan, Levon"]
[Result "1-0"]
[WhiteElo "2432"]
[BlackElo "2230"]
[PlyCount "81"]
[EventDate "2021.01.24"]
[EventType "team-tourn"]
[EventRounds "14"]
[EventCountry "ESP"]
[SourceTitle "Ajedrez en Madrid"]
[Source "lmi"]
[SourceDate "2021.01.23"]
[SourceVersion "1"]
[SourceVersionDate "2021.06.08"]
[SourceQuality "1"]
[WhiteTeam "Collado Villalba"]
[BlackTeam "Tajamar"]
[WhiteTeamCountry "ESP"]
[BlackTeamCountry "ESP"]

1. Nf3 Nf6 2. b3 d5 3. Bb2 c5 4. e3 Bg4 5. h3 Bh5 6. Bb5+ Nbd7 7. g4 Bg6 8. g5
Ne4 9. Ne5 Bf5 10. Qf3 Nd6 11. Qxd5 Be4 12. Nxd7 Nxb5 13. Nf6+ gxf6 14. Qxe4
Nd6 15. Qf3 Bg7 16. gxf6 Bxf6 17. Bxf6 exf6 18. Nc3 f5 19. Qd5 b6 20. O-O-O O-O
21. Rhg1+ Kh8 22. Qe5+ f6 23. Qf4 Qe7 24. Rg3 Ne4 25. Nxe4 fxe4 26. Rdg1 Rg8
27. Rg4 Rxg4 28. Rxg4 Re8 29. f3 exf3 30. Qxf3 Qe5 31. Kb1 f5 32. Rf4 Rg8 33.
Qf2 Qd5 34. Rxf5 Qh1+ 35. Kb2 Qxh3 36. Rf7 Qe6 37. Rxa7 h5 38. d4 Qh6 39. Rf7
Rg7 40. Rf5 cxd4 41. exd4 1-0

[Event "Madrid-chT 2021"]
[Site "Madrid"]
[Date "2021.05.16"]
[Round "11.4"]
[White "Rodriguez Lopez, David"]
[Black "Quispe Arteaga, Gabriel"]
[Result "0-1"]
[WhiteElo "2148"]
[BlackElo "2386"]
[PlyCount "110"]
[EventDate "2021.01.24"]
[EventType "team-tourn"]
[EventRounds "14"]
[EventCountry "ESP"]
[SourceTitle "Ajedrez en Madrid"]
[Source "lmi"]
[SourceDate "2021.01.23"]
[SourceVersion "1"]
[SourceVersionDate "2021.06.08"]
[SourceQuality "1"]
[WhiteTeam "Tajamar"]
[BlackTeam "Collado Villalba"]
[WhiteTeamCountry "ESP"]
[BlackTeamCountry "ESP"]

1. e4 c5 2. c3 Nf6 3. e5 Nd5 4. d4 Nc6 5. Nf3 cxd4 6. cxd4 d6 7. Bc4 dxe5 8.
dxe5 Nb6 9. Qxd8+ Nxd8 10. Bb5+ Bd7 11. Bxd7+ Nxd7 12. O-O Ne6 13. Nc3 g6 14.
Re1 Bg7 15. Nd5 Rd8 16. Nf4 Nxe5 17. Nxe5 Bxe5 18. Nxe6 fxe6 19. Bh6 Bxb2 20.
Rab1 Bc3 21. Rec1 Bf6 22. Rxb7 a5 23. Be3 Kf7 24. g4 Rd5 25. Rcc7 h5 26. gxh5
gxh5 27. Ra7 Rg8+ 28. Kf1 Rg4 29. a3 Kg6 30. Rc6 Kf5 31. Rca6 Ra4 32. Bb6 Bc3
33. Rxe7 Rd6 34. Rf7+ Kg6 35. Rf3 Rc6 36. Rg3+ Rg4 37. Rd3 Bd4 38. Rb3 a4 39.
Rb4 Rf4 40. Ke2 Rxf2+ 41. Kd3 Bxb6 42. Rbxb6 Rxb6 43. Rxb6 Kf6 44. Ke3 Rxh2 45.
Ra6 Rh4 46. Kd2 Rg4 47. Ke2 h4 48. Ra5 e5 49. Kf2 Kf5 50. Ra8 h3 51. Rf8+ Ke4
52. Rh8 Rg2+ 53. Kf1 Rg3 54. Rh4+ Kf5 55. Rh5+ Kg6 0-1

[Event "Madrid-chT 2021"]
[Site "Madrid"]
[Date "2021.05.16"]
[Round "11.5"]
[White "Suarez Uriel, Adrian"]
[Black "Sahuquillo Cruz, Alejandro"]
[Result "1-0"]
[WhiteElo "2364"]
[BlackElo "2001"]
[PlyCount "55"]
[EventDate "2021.01.24"]
[EventType "team-tourn"]
[EventRounds "14"]
[EventCountry "ESP"]
[SourceTitle "Ajedrez en Madrid"]
[Source "lmi"]
[SourceDate "2021.01.23"]
[SourceVersion "1"]
[SourceVersionDate "2021.06.08"]
[SourceQuality "1"]
[WhiteTeam "Collado Villalba"]
[BlackTeam "Tajamar"]
[WhiteTeamCountry "ESP"]
[BlackTeamCountry "ESP"]

1. e4 c5 2. Ne2 Nc6 3. d4 cxd4 4. Nxd4 e5 5. Nb5 d6 6. c4 Be7 7. Bd3 Be6 8. O-O
Rc8 9. Be3 a6 10. N5c3 Bg5 11. Nd5 Bxe3 12. fxe3 Bxd5 13. exd5 Nce7 14. Qa4+
Kf8 15. Qb4 Qc7 16. Nd2 Nf6 17. Rac1 Qc5 18. Qxc5 dxc5 19. a3 Ne8 20. Ne4 f5
21. d6 Nxd6 22. Nxd6 Rd8 23. Nxf5 Rxd3 24. Nd6+ Kg8 25. Nxb7 h6 26. Nxc5 Rxe3
27. Kf2 Nf5 28. g4 1-0

[Event "Madrid-chT 2021"]
[Site "Madrid"]
[Date "2021.05.16"]
[Round "11.1"]
[White "Montañes Arribas, Adrian"]
[Black "Reyes Larena, Juan"]
[Result "0-1"]
[WhiteElo "2265"]
[BlackElo "2443"]
[PlyCount "138"]
[EventDate "2021.01.24"]
[EventType "team-tourn"]
[EventRounds "14"]
[EventCountry "ESP"]
[SourceTitle "Ajedrez en Madrid"]
[Source "lmi"]
[SourceDate "2021.01.23"]
[SourceVersion "1"]
[SourceVersionDate "2021.06.08"]
[SourceQuality "1"]
[WhiteTeam "Vallecas CDV"]
[BlackTeam "San Sebastian de los Reyes"]
[WhiteTeamCountry "ESP"]
[BlackTeamCountry "ESP"]

1. d4 Nf6 2. c4 g6 3. Nc3 Bg7 4. e4 d6 5. Be3 O-O 6. h3 c6 7. Nf3 a6 8. Be2 b5
9. cxb5 axb5 10. a3 Nbd7 11. O-O Nb6 12. Nd2 d5 13. e5 Nfd7 14. b3 Nxe5 15.
dxe5 d4 16. Bf4 dxc3 17. Nf3 Qxd1 18. Rfxd1 Nd5 19. Bg5 e6 20. Bd3 Bd7 21. Be4
Rfc8 22. Kf1 Ra7 23. Rdc1 Rca8 24. Bxd5 cxd5 25. Be7 Bf8 26. Bxf8 Kxf8 27. Nd4
b4 28. a4 f6 29. Re1 Ke7 30. f4 fxe5 31. fxe5 g5 32. Ke2 Rg8 33. g3 Ra6 34. Rf1
Be8 35. Nc2 Bg6 36. Nd4 Rc8 37. Rac1 Be4 38. Rf6 c2 39. Nb5 Rc3 40. Nxc3 bxc3
41. Ke3 Rb6 42. Kd4 Rxb3 43. Rff1 Rb4+ 44. Kxc3 Rxa4 45. Ra1 Rc4+ 46. Kd2 Rc7
47. Ra8 Bg6 48. Rg8 Kd7 49. Rg7+ Kc6 50. Rxc7+ Kxc7 51. Ra1 Kb7 52. Rf1 Kc6 53.
Rf6 Kd7 54. h4 gxh4 55. gxh4 Bf5 56. Rf8 d4 57. Ra8 Kc6 58. Rd8 Kc5 59. Rd6 d3
60. Kc1 Kc4 61. Kd2 h5 62. Ra6 Kd4 63. Ra5 Ke4 64. Rb5 Kf4 65. Ra5 Kg3 66. Ra4
Bg4 67. Rc4 Kxh4 68. Kxd3 Kg3 69. Kxc2 h4 0-1

[Event "Madrid-chT 2021"]
[Site "Madrid"]
[Date "2021.05.16"]
[Round "11.2"]
[White "San Emeterio Cabanes, Jose Luis"]
[Black "Martin Garcia, Guillermo Li"]
[Result "1/2-1/2"]
[WhiteElo "2297"]
[BlackElo "2257"]
[PlyCount "66"]
[EventDate "2021.01.24"]
[EventType "team-tourn"]
[EventRounds "14"]
[EventCountry "ESP"]
[SourceTitle "Ajedrez en Madrid"]
[Source "lmi"]
[SourceDate "2021.01.23"]
[SourceVersion "1"]
[SourceVersionDate "2021.06.08"]
[SourceQuality "1"]
[WhiteTeam "San Sebastian de los Reyes"]
[BlackTeam "Vallecas CDV"]
[WhiteTeamCountry "ESP"]
[BlackTeamCountry "ESP"]

1. d4 Nf6 2. Bg5 Ne4 3. Bf4 c5 4. f3 Qa5+ 5. c3 Nf6 6. Nd2 cxd4 7. Nb3 Qf5 8.
Bxb8 Rxb8 9. Qxd4 b6 10. e4 Qf4 11. Nh3 Qc7 12. e5 Ng8 13. Ng5 Nh6 14. Bd3 e6
15. Nxh7 Be7 16. g4 Bb7 17. Rf1 a5 18. O-O-O a4 19. Qxa4 Ra8 20. Qf4 Rxa2 21.
Kb1 Bd5 22. c4 Ra4 23. Rc1 Qa7 24. g5 Nf5 25. Bxf5 exf5 26. Nf6+ gxf6 27. exf6
Be6 28. fxe7 Kxe7 29. Rfe1 Ra8 30. Qxf5 Rb4 31. Qf6+ Kf8 32. Qh8+ Ke7 33. Qf6+
Kf8 1/2-1/2

[Event "Madrid-chT 2021"]
[Site "Madrid"]
[Date "2021.05.16"]
[Round "11.3"]
[White "Beltran de Heredia Eguiaz, Miguel Angel"]
[Black "Martinez Fernandez, Raul"]
[Result "1/2-1/2"]
[WhiteElo "2232"]
[BlackElo "2141"]
[PlyCount "56"]
[EventDate "2021.01.24"]
[EventType "team-tourn"]
[EventRounds "14"]
[EventCountry "ESP"]
[SourceTitle "Ajedrez en Madrid"]
[Source "lmi"]
[SourceDate "2021.01.23"]
[SourceVersion "1"]
[SourceVersionDate "2021.06.08"]
[SourceQuality "1"]
[WhiteTeam "Vallecas CDV"]
[BlackTeam "San Sebastian de los Reyes"]
[WhiteTeamCountry "ESP"]
[BlackTeamCountry "ESP"]

1. e4 e5 2. Nf3 Nc6 3. Bb5 a6 4. Ba4 Nf6 5. O-O b5 6. Bb3 Bc5 7. c3 d6 8. a4
Rb8 9. d4 Bb6 10. a5 Ba7 11. h3 O-O 12. Be3 exd4 13. cxd4 d5 14. e5 Ne4 15. Nc3
Nxc3 16. bxc3 Ne7 17. Bg5 Be6 18. Bc2 Qd7 19. Qd2 Ng6 20. h4 f6 21. exf6 gxf6
22. Bh6 Rf7 23. h5 Ne7 24. Ne5 fxe5 25. Qg5+ Kh8 26. Qxe5+ Kg8 27. Qg5+ Kh8 28.
Qe5+ Kg8 1/2-1/2

[Event "Madrid-chT 2021"]
[Site "Madrid"]
[Date "2021.05.16"]
[Round "11.4"]
[White "Quevedo Marin, Manuel"]
[Black "Morona Minguez, Miguel"]
[Result "1-0"]
[WhiteElo "2201"]
[BlackElo "2064"]
[PlyCount "53"]
[EventDate "2021.01.24"]
[EventType "team-tourn"]
[EventRounds "14"]
[EventCountry "ESP"]
[SourceTitle "Ajedrez en Madrid"]
[Source "lmi"]
[SourceDate "2021.01.23"]
[SourceVersion "1"]
[SourceVersionDate "2021.06.08"]
[SourceQuality "1"]
[WhiteTeam "San Sebastian de los Reyes"]
[BlackTeam "Vallecas CDV"]
[WhiteTeamCountry "ESP"]
[BlackTeamCountry "ESP"]

1. d4 Nf6 2. c4 c5 3. d5 b5 4. Qc2 bxc4 5. e4 d6 6. Bxc4 Nbd7 7. Nf3 g6 8. O-O
Bg7 9. h3 O-O 10. Bf4 Nb6 11. Be2 a5 12. Nc3 a4 13. Rad1 Ne8 14. Rfe1 Nc7 15.
Qc1 Ba6 16. Bh6 Qd7 17. Bxa6 Rxa6 18. e5 Qf5 19. Bxg7 Kxg7 20. Re4 Ncxd5 21.
Rh4 g5 22. Nxg5 Nxc3 23. Qxc3 Qxe5 24. Qd3 Qxg5 25. Qxh7+ Kf6 26. Rh6+ Qg6 27.
Rd3 1-0

[Event "Madrid-chT 2021"]
[Site "Madrid"]
[Date "2021.05.16"]
[Round "11.5"]
[White "Dominguez Alfara, Miguel"]
[Black "Reyes Peñas, Sebastian"]
[Result "0-1"]
[WhiteElo "2006"]
[BlackElo "2185"]
[PlyCount "56"]
[EventDate "2021.01.24"]
[EventType "team-tourn"]
[EventRounds "14"]
[EventCountry "ESP"]
[SourceTitle "Ajedrez en Madrid"]
[Source "lmi"]
[SourceDate "2021.01.23"]
[SourceVersion "1"]
[SourceVersionDate "2021.06.08"]
[SourceQuality "1"]
[WhiteTeam "Vallecas CDV"]
[BlackTeam "San Sebastian de los Reyes"]
[WhiteTeamCountry "ESP"]
[BlackTeamCountry "ESP"]

1. d4 Nf6 2. Nf3 e6 3. e3 b6 4. Bd3 Be7 5. O-O c5 6. b3 Bb7 7. Bb2 cxd4 8. exd4
O-O 9. Nbd2 d6 10. Qe2 Re8 11. Rfe1 Bf8 12. c4 Nbd7 13. a3 h6 14. b4 a5 15. Bc3
axb4 16. axb4 e5 17. dxe5 Nxe5 18. Nxe5 dxe5 19. Ne4 Nxe4 20. Bxe4 Bxe4 21.
Qxe4 Rxa1 22. Rxa1 Qc7 23. f4 Bd6 24. Re1 Qe7 25. Bxe5 Bxb4 26. Ra1 f6 27. Qd5+
Kh8 28. Bd4 Rd8 0-1

[Event "Madrid-chT 2021"]
[Site "Madrid"]
[Date "2021.05.16"]
[Round "11.6"]
[White "Jovancevic, Jovan"]
[Black "Ballesteros Galvez, Daniel"]
[Result "1-0"]
[WhiteElo "2152"]
[BlackElo "1917"]
[PlyCount "91"]
[EventDate "2021.01.24"]
[EventType "team-tourn"]
[EventRounds "14"]
[EventCountry "ESP"]
[SourceTitle "Ajedrez en Madrid"]
[Source "lmi"]
[SourceDate "2021.01.23"]
[SourceVersion "1"]
[SourceVersionDate "2021.06.08"]
[SourceQuality "1"]
[WhiteTeam "San Sebastian de los Reyes"]
[BlackTeam "Vallecas CDV"]
[WhiteTeamCountry "ESP"]
[BlackTeamCountry "ESP"]

1. d4 d5 2. c4 e6 3. Nc3 Nf6 4. Bg5 Be7 5. cxd5 exd5 6. e3 c6 7. Bd3 Nbd7 8.
Nge2 h6 9. Bf4 Nb6 10. O-O O-O 11. f3 Bd6 12. Bxd6 Qxd6 13. Rc1 Re8 14. Qd2 Be6
15. e4 Qd7 16. e5 Nh7 17. Ng3 Nc4 18. Bxh7+ Kxh7 19. Qd3+ Kh8 20. b3 Nb6 21. f4
f5 22. exf6 gxf6 23. f5 Bf7 24. Qd2 Kh7 25. Rf4 Qe7 26. Nf1 Qf8 27. Nd1 Re4 28.
Nf2 Rxf4 29. Qxf4 Re8 30. Rc3 Nc8 31. Ng4 Bh5 32. Nf2 Ne7 33. Rh3 Bf7 34. Ne3
Ng8 35. g3 Qg7 36. Neg4 Qg5 37. Qxg5 fxg5 38. Nxh6 Re1+ 39. Kg2 Nxh6 40. Ng4
Kg7 41. Rxh6 Re4 42. f6+ Kg8 43. Ne5 Rxd4 44. Nf3 Re4 45. Nxg5 Re5 46. Rh8+ 1-0

[Event "Madrid-chT 2021"]
[Site "Madrid"]
[Date "2021.05.23"]
[Round "12.1"]
[White "Alarcia Astiz, Carlos"]
[Black "Vazquez Igarza, Renier"]
[Result "1/2-1/2"]
[WhiteElo "2306"]
[BlackElo "2556"]
[PlyCount "62"]
[EventDate "2021.01.24"]
[EventType "team-tourn"]
[EventRounds "14"]
[EventCountry "ESP"]
[SourceTitle "Ajedrez en Madrid"]
[Source "lmi"]
[SourceDate "2021.01.23"]
[SourceVersion "1"]
[SourceVersionDate "2021.06.08"]
[SourceQuality "1"]
[WhiteTeam "Blanco y Negro"]
[BlackTeam "Collado Villalba"]
[WhiteTeamCountry "ESP"]
[BlackTeamCountry "ESP"]

1. e4 c5 2. Nf3 d6 3. d4 cxd4 4. Nxd4 Nf6 5. Nc3 a6 6. f4 e6 7. Bd3 Qc7 8. Nf3
Nc6 9. O-O Be7 10. Qe1 b5 11. a3 Bb7 12. Kh1 O-O 13. e5 Nd7 14. exd6 Qxd6 15.
Be3 Nf6 16. Ne4 Nxe4 17. Bxe4 Qc7 18. f5 exf5 19. Bxf5 Rae8 20. Qf2 Bc8 21. Bd3
Bg4 22. Ng5 Bxg5 23. Bxg5 Bh5 24. Bf4 Ne5 25. a4 Nxd3 26. Bxc7 Nxf2+ 27. Rxf2
Rc8 28. Bf4 Rfe8 29. axb5 axb5 30. h3 Bg6 31. c3 Be4 1/2-1/2

[Event "Madrid-chT 2021"]
[Site "Madrid"]
[Date "2021.05.23"]
[Round "12.2"]
[White "Pulvett Marin, Daniel Eduardo"]
[Black "Renteria Becerra, Jorge Elicer"]
[Result "1-0"]
[WhiteElo "2487"]
[BlackElo "2262"]
[PlyCount "67"]
[EventDate "2021.01.24"]
[EventType "team-tourn"]
[EventRounds "14"]
[EventCountry "ESP"]
[SourceTitle "Ajedrez en Madrid"]
[Source "lmi"]
[SourceDate "2021.01.23"]
[SourceVersion "1"]
[SourceVersionDate "2021.06.08"]
[SourceQuality "1"]
[WhiteTeam "Collado Villalba"]
[BlackTeam "Blanco y Negro"]
[WhiteTeamCountry "ESP"]
[BlackTeamCountry "ESP"]

1. d4 Nf6 2. c4 g6 3. Nc3 Bg7 4. e4 d6 5. h3 O-O 6. Be3 a6 7. Nf3 c6 8. Bd3 b5
9. Qc2 bxc4 10. Bxc4 d5 11. Bd3 dxe4 12. Nxe4 Nxe4 13. Bxe4 Be6 14. O-O Bd5 15.
Ne5 Bxe5 16. dxe5 Bxe4 17. Qxe4 Qd5 18. Qh4 Qxe5 19. Rfe1 Qf6 20. Bg5 Qxb2 21.
Bxe7 Nd7 22. Rad1 Qb7 23. Qd4 Ra7 24. Bxf8 Nxf8 25. Re8 Ra8 26. Rde1 Rxe8 27.
Rxe8 Qb1+ 28. Kh2 Qc1 29. Qd6 Qh6 30. Qxc6 Qf4+ 31. Kg1 Qb4 32. Qf6 Qa3 33. Kh2
Qa4 34. Rd8 1-0

[Event "Madrid-chT 2021"]
[Site "Madrid"]
[Date "2021.05.23"]
[Round "12.3"]
[White "Hidalgo Duque, Carlos"]
[Black "Martin Duque, Jesus"]
[Result "0-1"]
[WhiteElo "2242"]
[BlackElo "2422"]
[PlyCount "52"]
[EventDate "2021.01.24"]
[EventType "team-tourn"]
[EventRounds "14"]
[EventCountry "ESP"]
[SourceTitle "Ajedrez en Madrid"]
[Source "lmi"]
[SourceDate "2021.01.23"]
[SourceVersion "1"]
[SourceVersionDate "2021.06.08"]
[SourceQuality "1"]
[WhiteTeam "Blanco y Negro"]
[BlackTeam "Collado Villalba"]
[WhiteTeamCountry "ESP"]
[BlackTeamCountry "ESP"]

1. Nf3 Nf6 2. c4 b6 3. g3 Bb7 4. Bg2 c5 5. O-O g6 6. Nc3 Bg7 7. d4 cxd4 8. Qxd4
d6 9. Rd1 Nbd7 10. Be3 Rc8 11. Rac1 a6 12. b3 O-O 13. Qh4 Rc7 14. Bg5 Qa8 15.
Ne1 Rfc8 16. Bxb7 Qxb7 17. Ng2 b5 18. Ne3 Nb6 19. Qh3 bxc4 20. Bxf6 Bxf6 21.
Ncd5 Nxd5 22. Nxd5 cxb3 23. Rxc7 Rxc7 24. axb3 Qxb3 25. Nxf6+ exf6 26. Rxd6
Qb1+ 0-1

[Event "Madrid-chT 2021"]
[Site "Madrid"]
[Date "2021.05.23"]
[Round "12.4"]
[White "Quispe Arteaga, Gabriel"]
[Black "Fayos Mestre, Jose Maria"]
[Result "1-0"]
[WhiteElo "2397"]
[BlackElo "1994"]
[PlyCount "39"]
[EventDate "2021.01.24"]
[EventType "team-tourn"]
[EventRounds "14"]
[EventCountry "ESP"]
[SourceTitle "Ajedrez en Madrid"]
[Source "lmi"]
[SourceDate "2021.01.23"]
[SourceVersion "1"]
[SourceVersionDate "2021.06.08"]
[SourceQuality "1"]
[WhiteTeam "Collado Villalba"]
[BlackTeam "Blanco y Negro"]
[WhiteTeamCountry "ESP"]
[BlackTeamCountry "ESP"]

1. Nf3 Nf6 2. c4 d5 3. cxd5 Nxd5 4. d4 g6 5. e4 Nb6 6. h3 Bg7 7. Nc3 O-O 8. Be3
Nc6 9. Bb5 Bd7 10. O-O f5 11. exf5 Rxf5 12. Bd3 Rxf3 13. Qxf3 Bxd4 14. Rad1 e5
15. Qg3 Qe7 16. Bxd4 exd4 17. Rfe1 Qf7 18. Ne4 Rf8 19. Qxc7 Nd5 20. Qg3 1-0